| 000 | 01460ncs1a22003611i 4500 | ||
|---|---|---|---|
| 001 | RU\NLR\ONIZ\223877 | ||
| 005 | 20241221122925.0 | ||
| 035 | _aRU\NLR\ONIZ\SOPHY\5000004885\20180806110709 | ||
| 035 | _a(NLR Aleph) 011765956 | ||
| 090 |
_a11701640 _c11701640 |
||
| 100 | _a20180806b19131914|||y0rusy50 ca | ||
| 101 | 0 | _arus | |
| 102 | _aRU | ||
| 110 | _aayuzz 0|y| | ||
| 125 | _adx | ||
| 128 |
_achr _acc |
||
| 145 | 0 | _aa | |
| 200 | 1 |
_aДуховно-музыкальныя переложения и сочинения иеромонаха Свято-Троицкия Сергиевой Лавры Нафанаила _bНоты |
|
| 207 | 0 | _a[1913-1914] | |
| 210 |
_aМосква _cизд. авт. [Нафанаил (иеромонах)] _gНото-печ. Гаврилова _d[1913-1914] |
||
| 215 | _d28 см | ||
| 300 | _aНа тит. л.: Собственность автора | ||
| 606 | 1 |
_aДуховная музыка русская _2nlr_sh |
|
| 606 | 1 |
_aЦерковная музыка русская _z20 в. _2nlr_sh |
|
| 686 |
_aЩ99(28) _vLBC/SL _2rubbk |
||
| 700 | 0 |
_9z02790 _aНафанаил _cБачкало Н. Я. _cиеромонах _f1866- после 1930 _4230 _7ca |
|
| 790 | 0 |
_9z02700 _aNafanail _cиеромонах _cBačkalo N. I. _f1866- после 1930 _4230 _7ba |
|
| 801 | 0 |
_aRU _bNLR _c20180806 _gPSBO |
|
| 801 | 1 |
_aRU _bNLR _c20180806 _2rusmarc |
|
| 801 | 2 |
_aRU _bNLR _c20181001 |
|
| 942 | _cSCORE | ||
| 980 | _aONIZ | ||